| 000 | 00539nam a2200169Ia 4500 | ||
|---|---|---|---|
| 008 | 151021s9999 xx 000 0 und d | ||
| 020 | _a72400218 | ||
| 050 | _aPE 1439.B29 2004 | ||
| 245 | _a_Destinations an intergrated approach to writing paragraphs and essays/ Richard E. Bailey | ||
| 260 | _aNew York : McGraw -Hill, 2004 | ||
| 300 | _axvii,488 p. | ||
| 500 | _aIncludes index | ||
| 500 | _aIncludes index | ||
| 650 | _a_English Language- paragraphs | ||
| 700 | _a_Linda Denstaedt | ||
| 980 | _a^d20141021 02:56:01^omwanik | ||
| 999 |
_c14993 _d14993 |
||